Library Logo

Pioneer International University Library Catalogue

Computer networks and internets (Record no. 5098)

MARC details
000 -LEADER
fixed length control field 00297nam a22000977a 4500
005 - DATE AND TIME OF LATEST TRANSACTION
control field 20250901165518.0
008 - FIXED-LENGTH DATA ELEMENTS--GENERAL INFORMATION
fixed length control field 210522b |||||||| |||| 00| 0 eng d
050 ## - LIBRARY OF CONGRESS CALL NUMBER
Classification number TK5105.5 .C66 2004
245 ## - TITLE STATEMENT
Title Computer networks and internets
Statement of responsibility, etc. COMER, DOUGLAS E.
942 ## - ADDED ENTRY ELEMENTS (KOHA)
Source of classification or shelving scheme Library of Congress Classification
Classification part TK5105.5 .C66 2004
Holdings
Withdrawn status Lost status Source of classification or shelving scheme Damaged status Not for loan Home library Current library Shelving location Date acquired Total checkouts Full call number Barcode Date last seen Date last checked out Price effective from Koha item type
    Library of Congress Classification     Main Library Main Library   05/22/2021 1 TK5105.5 .C66 2004 PIU0001417 05/22/2021 05/22/2021 05/22/2021 Books